Michelangelo Antonioni: la investigación
Guardat en:
| Autors principals: | , |
|---|---|
| Format: | Llibre |
| Idioma: | espanyol |
| Publicat: |
Colonia
Taschen
2004
|
| Matèries: | |
| Etiquetes: |
Afegir etiqueta
Sense etiquetes, Sigues el primer a etiquetar aquest registre!
|
MARC
| LEADER | 00000nam a2200000 a 4500 | ||
|---|---|---|---|
| 001 | UCK9317 | ||
| 003 | CL-VaPUC | ||
| 008 | 060428e20040000GW |||||||||||||||||spa|d | ||
| 020 | |a 3822830879 | ||
| 082 | 0 | 4 | |a 791.4309 |b CHA |2 21 |
| 100 | 0 | |a Chatman, Seymour |e author |9 499040 | |
| 700 | 0 | |a Duncan, Paul |e author |9 499041 | |
| 245 | 1 | 0 | |a Michelangelo Antonioni: la investigación |
| 300 | |a 191 p | ||
| 942 | |c BK | ||
| 945 | |d 20060428 00:00:00 |a cmena | ||
| 260 | |a Colonia |b Taschen |c 2004 | ||
| 600 | 0 | 7 | |a ANTONIONI, MICHELANGELO |2 CL-VaPUC |9 266440 |
| 650 | 0 | |a Cine italiano |9 267409 | |
| 650 | 7 | |a PRODUCCION Y DIRECCION |2 CL-VaPUC |9 499042 | |
| 650 | 0 | |a Biografías |9 255210 | |
| 583 | |a last modification |c 20060428 00:00:00 |k Rodrigo Vera | ||
| 999 | |c 316534 |d 316532 | ||
| 952 | |0 0 |1 0 |4 0 |6 791_430900000000000_CHA_2004 |7 0 |8 A |9 390973 |a BIBART |b BIBART |d 2019-11-22 |i 422549K |o 791.4309 CHA 2004 |p 422549K |r 2025-03-13 |w 2019-11-22 |y BK |k ART | ||